Cien ventanas a los paisajes de antaño (Record no. 149063)
[ view plain ]
| 000 -LEADER | |
|---|---|
| fixed length control field | nam a22 7a 4500 |
| 005 - DATE AND TIME OF LATEST TRANSACTION | |
| control field | 20190613100834.0 |
| 008 - FIXED-LENGTH DATA ELEMENTS--GENERAL INFORMATION | |
| fixed length control field | 190613b mx ||||| |||| 00| 0 spa d |
| 020 ## - INTERNATIONAL STANDARD BOOK NUMBER | |
| International Standard Book Number | 9786077111614 |
| 050 04 - LIBRARY OF CONGRESS CALL NUMBER | |
| Classification number | GT3471.M6 |
| Item number | R65 2013 |
| 100 1# - MAIN ENTRY--PERSONAL NAME | |
| Personal name | Rojas Rabiela, Teresa |
| 245 10 - TITLE STATEMENT | |
| Title | Cien ventanas a los paisajes de antaño |
| Remainder of title | : fotografías del campo mexicano de hace un siglo |
| Statement of responsibility, etc | / Teresa Rojas Rabiela, Ignacio Gutiérrez Ruvalcaba |
| 246 01 - VARYING FORM OF TITLE | |
| Title proper/short title | 100 ventanas a los paisajes de antaño |
| Remainder of title | : fotografías del campo mexicano de hace un siglo |
| 250 ## - EDITION STATEMENT | |
| Edition statement | 1a ed. |
| 260 ## - PUBLICATION, DISTRIBUTION, ETC. (IMPRINT) | |
| Place of publication, distribution, etc | México : |
| Name of publisher, distributor, etc | Consejo Nacional de Ciencia y Tecnología : |
| -- | Red de Etnoecología y Patrimonio Biocultural : |
| -- | Juan Pablos editor, |
| Date of publication, distribution, etc | 2013 |
| 300 ## - PHYSICAL DESCRIPTION | |
| Extent | 275 p. : |
| Other physical details | fot., |
| Dimensions | 20 cm. |
| 500 ## - GENERAL NOTE | |
| General note | Incluye índice de fotografías. |
| 650 #7 - SUBJECT ADDED ENTRY--TOPICAL TERM | |
| Source of heading or term | lemb |
| Topical term or geographic name as entry element | Vida rural |
| Geographic subdivision | México |
| General subdivision | Historia |
| Chronological subdivision | Siglo XX |
| Form subdivision | Obras pictóricas |
| 650 #7 - SUBJECT ADDED ENTRY--TOPICAL TERM | |
| Source of heading or term | lemb |
| Topical term or geographic name as entry element | Paisajes |
| Geographic subdivision | México |
| Form subdivision | Obras pictóricas |
| 700 1# - ADDED ENTRY--PERSONAL NAME | |
| Personal name | Gutiérrez Ruvalcaba, Ignacio, |
| Dates associated with a name | 1961- |
| 942 ## - ADDED ENTRY ELEMENTS (KOHA) | |
| Source of classification or shelving scheme | Biblioteca del Cogreso de los Estados Unidos |
| Koha item type | Libro |
| Estado de pérdida | Fuente de clasificación | Estado del daño | No para préstamo | Ubicación permanente | Ubicación actual | Apartado o colección | Fecha de adquisición | Área del conocimiento | Clasificación | Código de Barras | Date last seen | Número de copia | Costo por reposición | Tipo de recurso |
|---|---|---|---|---|---|---|---|---|---|---|---|---|---|---|
| Biblioteca del Cogreso de los Estados Unidos | Biblioteca del Instituto de Investigaciones Históricas | Biblioteca del Instituto de Investigaciones Históricas | General | 13/06/2019 | Ciencias Naturales y Exactas | GT3471.M6 R65 2013 | IIH000027743 | 13/06/2019 | C:1 | 1.00 | Libro | |||
| Biblioteca del Cogreso de los Estados Unidos | Biblioteca del Instituto de Investigaciones Históricas | Biblioteca del Instituto de Investigaciones Históricas | General | 13/06/2019 | Ciencias Naturales y Exactas | GT3471.M6 R65 2013 | IIH000027744 | 13/06/2019 | C:2 | 1.00 | Libro | |||
| Biblioteca del Cogreso de los Estados Unidos | Biblioteca del Instituto de Investigaciones Históricas | Biblioteca del Instituto de Investigaciones Históricas | General | 13/06/2019 | Ciencias Naturales y Exactas | GT3471.M6 R65 2013 | IIH000027745 | 13/06/2019 | C:3 | 1.00 | Libro |